00422nam a2200181Ia 4500008004100000020001800041245001600059245002500075245002300100260001500123260001600138260000900154300001500163300002500178300001000203500000800213999001900221170705s9999 xx 000 0 und d a9780545283625 aClean air : bSally ride science / cby Andrew Bridges. aNew York : bScholastic, c2008 a40 pages : bcolor illustration ; c23cm. a890 c337259d337259